Medicina precortesiana /

Carpeta sobre la medicina en el México prehispánico. Precedidas por dos textos breves y una cronología de carácter introductorio, 42 láminas y sus respectivas descripciones dan cuenta de los sujetos, las especialidades médicas y las enfermedades tratadas en México antes del arribo de Hernán Cortés.

שמור ב:
מידע ביבליוגרפי
מחבר ראשי: Jost, Marc (autor)
מחברים אחרים: Rubín de la Borbolla, Daniel Fernando (prefacio) (prefacio)
פורמט: ספר
שפה:ספרדית
נושאים:
תגים: הוספת תג
אין תגיות, היה/י הראשונ/ה לתייג את הרשומה!

MARC

LEADER 00000nam^a2200000^a^4500
001 000124411
005 20250526000000.0
009 20260310094614.539
037 |a Acervo ITESO - Biblioteca 
041 |a ESP 
082 |a 610. 97201  |b JOS 
100 |a Jost, Marc  |e (autor) 
245 1 0 |a Medicina precortesiana /  |c M. Jost ; pref. de D.F. Rubín de la Borbolla. 
264 |a México :  |b Laboratorios Grupo Roussel,  |c 1952 
300 |a 6 p., 44 h. ;  |c 34.5 cm. 
520 |a Carpeta sobre la medicina en el México prehispánico. Precedidas por dos textos breves y una cronología de carácter introductorio, 42 láminas y sus respectivas descripciones dan cuenta de los sujetos, las especialidades médicas y las enfermedades tratadas en México antes del arribo de Hernán Cortés. 
649 |a XX 
650 |a Ilustración (Diseño) 
650 |a Medicina -  |z México -  |x Historia -  |y Epoca Prehispánica 
650 |a Ciencias Médicas -  |z México -  |x Historia -  |y Epoca Prehispánica 
650 |a Indígenas de México -  |x Historia -  |y Epoca Prehispánica 
650 |a México -  |x Historia -  |y Epoca Prehispánica 
700 |a Rubín de la Borbolla, Daniel Fernando  |e (prefacio) 
910 |a Fondo Salvador Reynoso Reynoso 
920 |a Impresos - Libros 
930 |a Libros Antiguos y Raros 
905 |a 108 
901 |a 0800008031  |b IT2  |c LRA  |u 20250526 
902 |a https://opac.biblio.iteso.mx/vufind/Record/000124411